|
|
|
|
| LEADER |
00000nam a22000007a 4500 |
| 005 |
20190930223856.0 |
| 007 |
cr|||| |||| |
| 008 |
190930s2019 fr |||||s|||| 00||0 fra d |
| 020 |
|
|
|a 9783841627537
|
| 035 |
|
|
|a 28845
|
| 040 |
|
|
|a vLex
|
| 090 |
|
|
|c 9676
|d 9676
|
| 100 |
1 |
|
|a El Zanati, Khaled
|
| 245 |
1 |
0 |
|a Modification et ršiliation unilatřales du contrat administratif
|h [Recurso electrn̤ico] /
|c Khaled El Zanati
|
| 256 |
|
|
|a Servicio en ln̕ea
|
| 260 |
|
|
|a Pars̕:
|b Presses Acadm̌iques Francophones,
|c 2019
|
| 300 |
|
|
|a 1 recurso electrn̤ico
|
| 500 |
|
|
|a Ršum ̌: le droit priv ̌řige le contrat en loi des parties. Cette rg̈le connat̋ des exceptions en droit administratif, branche du droit dans laquelle la puissance publique dispose d’un pouvoir de modification et de ršiliation unilatřales. Cependant, si l’administration dispose de pouvoirs ťendus dans l'exercice de son pouvoir de modification et de ršiliation unilatřales des contrats administratifs pour des motifs tenant ̉l'intřt̊ gňřal, aucune df̌inition minutieuse de la notion d'intřt̊ gňřal n’a encore ť ̌consacrě. Cette imprčision conduit, dans certains cas, ̉l'exercice quasi arbitraire par l'administration de ses pouvoirs et au dšq̌uilibre du contrat. Cette situation a entran̋ ̌divers prǰudices pour les bňf̌iciaires de projets en raison de la suspension de la mise en œuvre de plusieurs contrats importants pour une longue přiode et, en consq̌uence, a accru le nombre des litiges.
|
| 506 |
1 |
|
|a Disponible solo en los productos indicados
|d vLex Global
|d vLex Global (Academic Edition, excluding Law Schools)
|d vLex Global (U.S. Academic Edition, Law Schools)
|d vLex Global (U.S. Academic Edition, excluding Law Schools)
|d vLex Global (Academic Edition, Law Schools)
|
| 650 |
0 |
4 |
|a Derecho Pb︢lico y Administrativo
|z Francia
|
| 740 |
0 |
|
|a vLex Libros (Servicio en ln̕ea)
|
| 856 |
4 |
0 |
|u http://vlex.com/source/28845
|z Acceso restringido
|
| 942 |
|
|
|c BOOK
|
| 999 |
0 |
|
|a Public and Administrative Law
|